| 000 | 00528nam a22001937a 4500 | ||
|---|---|---|---|
| 010 | _aB-228900 | ||
| 020 | _a8188951080 | ||
| 035 | _aB-228900 | ||
| 037 | _aCen Lib/Ret | ||
| 040 |
_aDPL _bEN |
||
| 082 |
_a004 _bGBD |
||
| 245 | _aGBD advanced course in computer sciece / | ||
| 260 |
_aNew Delhi _bGBD Books _c2005 |
||
| 270 |
_a1, Ansari Road, Daryaganj _bNew Delhi _e110006 |
||
| 300 |
_avarious pages _b24cm |
||
| 650 |
_aProgramming in C++ _9112617 |
||
| 650 |
_aJava - programming _9112618 |
||
| 942 |
_2ddc _cEN _k004 _mGBD |
||
| 999 |
_c136165 _d136165 |
||